000 00991nam a22002777a 4500
001 BR0201357
003 BR-BrBNA
005 20230928101036.0
007 ta
008 230509b bl.||||| |||| 00| 0 por d
040 _aBR-BrBNA
_bpor
_cBiblioteca Nacional de Agricultura
041 _a(Por)
072 _aF01; E16
_b3300
090 _ 3300 BR0201357
110 1 _aSecretaria de Apoio Rural e Cooperativismo, Brasília, DF (Brasil)
_98700
110 1 _aDepartamento de Fomento e Fiscalização da Produção Vegetal, Brasília, DF (Brasil)
110 1 _aDepartamento de Planejamento Agrícola, Brasília, DF (Brasil)
110 1 _aInstituto Brasileiro de Floricultura, Brasília, DF
111 1 _aReunião sobre Floricultura
_cBrasília, DF (Brazil)
_d14 Mar 2001
245 1 _aAnais da Reunião sobre Floricultura
_b(CD-ROM)
260 3 _aBrasília, DF (Brasil):
_c2001.
300 _a1 CD-ROM
650 _aFloricultura
909 _a202309
_bLucia
_c55
_dLucia Elande
942 _cBK
999 _c63999
_d63999